| 000 | 01233 a2200253 4500 | ||
|---|---|---|---|
| 003 | Nust | ||
| 005 | 20170207153552.0 | ||
| 010 | _a 2005036294 | ||
| 020 | _a159460150X (pbk. : alk. paper) | ||
| 020 | _a9781594601507 | ||
| 035 | _a(OCoLC)ocm63107947 | ||
| 040 | _cNust | ||
| 082 | 0 | 0 | _a345.73 |
| 245 | 0 | 0 |
_aCybercrime : _bthe investigation, prosecution and defense of a computer-related crime / _cedited by Ralph D. Clifford. |
| 250 | _a2nd ed. | ||
| 260 |
_aDurham, N.C. : _bCarolina Academic Press, _cc2006. |
||
| 300 |
_axii, 282 p. ; _c23 cm. |
||
| 505 | 0 | _aIntroduction / Ralph D. Clifford -- Defining cybercrime : a review of state and federal law / Susan W. Brenner -- The investigation and prosecution of a cybercrime / Ivan Orton -- Defending cybercrime cases : selected statutes and defenses / Joseph F. Savage, Jr. with Darlene D. Moreau and Dianna Lamb -- International cybercrime : recent developments in the law / Miriam F. Miquelon Weismann. | |
| 650 | 0 |
_aComputer crimes _zUnited States. |
|
| 650 | 0 |
_aComputers _xLaw and legislation _zUnited States. |
|
| 650 | 0 | _aTransnational crime. | |
| 700 | 1 |
_aClifford, Ralph D., _d1954- |
|
| 856 | 4 | 1 |
_3Table of contents _uhttp://www.loc.gov/catdir/toc/ecip065/2005036294.html |
| 942 |
_2ddc _cBK |
||
| 999 |
_c188910 _d188910 |
||